000
00310nam a22001337a 4500
020
_a
0679778969
082
_a
378.1662
100
_a
Martz, Geoff
245
_a
Cracking the GMAT CAT
260
_a
New York :
_b
The Princeton Review,
_c
1998.
300
_a
406 p. ;
_b
28 cm.
500
_a
Paperback.
942
_c
BK
999
_c
34181
_d
34181